<?xml version="1.0" encoding="UTF-8"?>
<record
    xmlns:xsi="http://www.w3.org/2001/XMLSchema-instance"
    xsi:schemaLocation="http://www.loc.gov/MARC21/slim http://www.loc.gov/standards/marcxml/schema/MARC21slim.xsd"
    xmlns="http://www.loc.gov/MARC21/slim">

  <leader>02236cam a2200337 a 4500</leader>
  <controlfield tag="001">14592099</controlfield>
  <controlfield tag="003">OSt</controlfield>
  <controlfield tag="005">20220901124302.0</controlfield>
  <controlfield tag="008">061012s2007    njua     b    001 0 eng  </controlfield>
  <datafield tag="010" ind1=" " ind2=" ">
    <subfield code="a">  2006033354</subfield>
  </datafield>
  <datafield tag="020" ind1=" " ind2=" ">
    <subfield code="a">0131986600</subfield>
  </datafield>
  <datafield tag="040" ind1=" " ind2=" ">
    <subfield code="a">DLC</subfield>
    <subfield code="c">LC</subfield>
    <subfield code="d">LC</subfield>
  </datafield>
  <datafield tag="050" ind1="0" ind2="0">
    <subfield code="a">HD30.2.T84</subfield>
    <subfield code="b">.T87 2007</subfield>
  </datafield>
  <datafield tag="082" ind1="0" ind2="0">
    <subfield code="a">658.4/038011</subfield>
    <subfield code="2">22</subfield>
  </datafield>
  <datafield tag="245" ind1="0" ind2="0">
    <subfield code="a">Decision support and business intelligence systems /</subfield>
    <subfield code="c">Efraim Turban ... [et al.].</subfield>
  </datafield>
  <datafield tag="250" ind1=" " ind2=" ">
    <subfield code="a">8th ed.</subfield>
  </datafield>
  <datafield tag="260" ind1=" " ind2=" ">
    <subfield code="a">Upper Saddle River, N.J. :</subfield>
    <subfield code="b">Pearson Prentice Hall,</subfield>
    <subfield code="c">c2007.</subfield>
  </datafield>
  <datafield tag="300" ind1=" " ind2=" ">
    <subfield code="a">xxviii, 772 p. :</subfield>
    <subfield code="b">ill. ;</subfield>
    <subfield code="c">26  cm.</subfield>
  </datafield>
  <datafield tag="500" ind1=" " ind2=" ">
    <subfield code="a">Rev. ed. of: Turban, Efraim. Decision support and expert systems. 7th ed. c2005.</subfield>
  </datafield>
  <datafield tag="504" ind1=" " ind2=" ">
    <subfield code="a">Includes bibliographical references and index.</subfield>
  </datafield>
  <datafield tag="505" ind1=" " ind2=" ">
    <subfield code="a">Content: Decision support systems and business intelligence -- Computerized decision support: Decision making systems, modelling, and support -- Decision support systems concepts, methodologies and technologies; an overview -- Modeling and analysis -- Business intelligence: Data warehousing -- Data analytics and data Visualization -- Data, text and web mining -- Neural networks for data mining --  Business performance management -- Collaborative computer-supported technologies and group support systems -- Knowledge management -- Intelligent systems: Artificial intelligence and expert systems -- Advanced intelligence systems -- Intelligence systems over the internet -- Implementation decision support systems: Systems development and acquisition -- Integration impacts and the future of management support systems -- Online materials: Enterprise systems -- Knowledge acquisition, representation and reasoning .</subfield>
  </datafield>
  <datafield tag="650" ind1=" " ind2="0">
    <subfield code="a">Management</subfield>
    <subfield code="x">Data processing.</subfield>
    <subfield code="9">243</subfield>
  </datafield>
  <datafield tag="650" ind1=" " ind2="0">
    <subfield code="a">Decision support systems.</subfield>
    <subfield code="9">311</subfield>
  </datafield>
  <datafield tag="650" ind1=" " ind2="0">
    <subfield code="a">Expert systems (Computer science)</subfield>
    <subfield code="9">312</subfield>
  </datafield>
  <datafield tag="700" ind1="1" ind2=" ">
    <subfield code="a">Turban, Efraim.</subfield>
    <subfield code="9">255</subfield>
  </datafield>
  <datafield tag="700" ind1="1" ind2=" ">
    <subfield code="a">Turban, Efraim.</subfield>
    <subfield code="t">Decision support and expert systems.</subfield>
    <subfield code="9">313</subfield>
  </datafield>
  <datafield tag="856" ind1="4" ind2="1">
    <subfield code="3">Table of contents only</subfield>
    <subfield code="u">http://www.loc.gov/catdir/toc/ecip072/2006033354.html</subfield>
  </datafield>
  <datafield tag="906" ind1=" " ind2=" ">
    <subfield code="a">7</subfield>
    <subfield code="b">cbc</subfield>
    <subfield code="c">orignew</subfield>
    <subfield code="d">1</subfield>
    <subfield code="e">ecip</subfield>
    <subfield code="f">20</subfield>
    <subfield code="g">y-gencatlg</subfield>
  </datafield>
  <datafield tag="942" ind1=" " ind2=" ">
    <subfield code="2">lcc</subfield>
    <subfield code="c">BK</subfield>
  </datafield>
  <datafield tag="999" ind1=" " ind2=" ">
    <subfield code="c">9193</subfield>
    <subfield code="d">16693</subfield>
  </datafield>
  <datafield tag="952" ind1=" " ind2=" ">
    <subfield code="0">0</subfield>
    <subfield code="1">0</subfield>
    <subfield code="2">lcc</subfield>
    <subfield code="4">0</subfield>
    <subfield code="7">0</subfield>
    <subfield code="a">WIUC-KL</subfield>
    <subfield code="b">WIUC-KL</subfield>
    <subfield code="c">GEN</subfield>
    <subfield code="d">2019-11-15</subfield>
    <subfield code="e">WIUC</subfield>
    <subfield code="l">0</subfield>
    <subfield code="o">HD30.2.T84</subfield>
    <subfield code="p">K/2399/2399/19</subfield>
    <subfield code="r">2022-09-01 00:00:00</subfield>
    <subfield code="w">2022-09-01</subfield>
    <subfield code="y">BK</subfield>
  </datafield>
</record>
